<?xml version="1.0" encoding="UTF-8"?>
<record
    xmlns:xsi="http://www.w3.org/2001/XMLSchema-instance"
    xsi:schemaLocation="http://www.loc.gov/MARC21/slim http://www.loc.gov/standards/marcxml/schema/MARC21slim.xsd"
    xmlns="http://www.loc.gov/MARC21/slim">

  <leader>00845nam a22002057a 4500</leader>
  <datafield tag="999" ind1=" " ind2=" ">
    <subfield code="c">194280</subfield>
    <subfield code="d">194280</subfield>
  </datafield>
  <controlfield tag="005">20230127153357.0</controlfield>
  <datafield tag="010" ind1=" " ind2=" ">
    <subfield code="a">B-747231                       E.N.A./7.11.22</subfield>
  </datafield>
  <datafield tag="020" ind1=" " ind2=" ">
    <subfield code="a">9789355011862</subfield>
    <subfield code="c">1149.00</subfield>
  </datafield>
  <datafield tag="035" ind1=" " ind2=" ">
    <subfield code="a">B-747231</subfield>
  </datafield>
  <datafield tag="037" ind1=" " ind2=" ">
    <subfield code="b">AKPD</subfield>
  </datafield>
  <datafield tag="082" ind1=" " ind2=" ">
    <subfield code="a">576</subfield>
  </datafield>
  <datafield tag="100" ind1=" " ind2=" ">
    <subfield code="a">Dubey, RC</subfield>
  </datafield>
  <datafield tag="245" ind1=" " ind2=" ">
    <subfield code="a">A textbook of Microbiology/</subfield>
    <subfield code="c">RC Dubey and DK Maheshwari</subfield>
  </datafield>
  <datafield tag="260" ind1=" " ind2=" ">
    <subfield code="a">New Delhi</subfield>
    <subfield code="b">S. Chand and company ltd</subfield>
    <subfield code="c">2022</subfield>
  </datafield>
  <datafield tag="270" ind1=" " ind2=" ">
    <subfield code="a">Block B-1,House No.D-1, Ground Floor Mohan, Co-operative</subfield>
    <subfield code="b">New Delhi</subfield>
    <subfield code="e">110044</subfield>
    <subfield code="k">011-66672000</subfield>
    <subfield code="m">info@schandpublishing.com</subfield>
  </datafield>
  <datafield tag="300" ind1=" " ind2=" ">
    <subfield code="a">xvi,1088p.</subfield>
    <subfield code="c">24cm(hbk)</subfield>
  </datafield>
  <datafield tag="700" ind1=" " ind2=" ">
    <subfield code="a">Maheshwari, DK </subfield>
  </datafield>
  <datafield tag="942" ind1=" " ind2=" ">
    <subfield code="2">ddc</subfield>
    <subfield code="c">EN</subfield>
    <subfield code="m">DUB</subfield>
    <subfield code="h">576</subfield>
  </datafield>
  <datafield tag="952" ind1=" " ind2=" ">
    <subfield code="0">0</subfield>
    <subfield code="1">0</subfield>
    <subfield code="4">0</subfield>
    <subfield code="7">0</subfield>
    <subfield code="8">NFIC</subfield>
    <subfield code="a">L</subfield>
    <subfield code="b">L</subfield>
    <subfield code="d">2023-01-27</subfield>
    <subfield code="e">AKPD/A-22/28.11.22/147/23.11.22/2.12.22</subfield>
    <subfield code="g">1149.00</subfield>
    <subfield code="l">5</subfield>
    <subfield code="m">4</subfield>
    <subfield code="o">576 DUB</subfield>
    <subfield code="p">B-747231</subfield>
    <subfield code="r">2026-01-06 00:00:00</subfield>
    <subfield code="s">2025-06-13</subfield>
    <subfield code="t">1</subfield>
    <subfield code="v">1149.00</subfield>
    <subfield code="w">2023-01-27</subfield>
    <subfield code="y">EN</subfield>
  </datafield>
</record>
